LIBRARY & INFORMATION CENTRE, KCAET, TAVANUR

ONLINE PUBLIC ACCESS CATALOGUE (OPAC)

Building materials (Record no. 17386)

MARC details
000 -LEADER
fixed length control field 00334nam a22001337a 4500
003 - CONTROL NUMBER IDENTIFIER
control field OSt
008 - FIXED-LENGTH DATA ELEMENTS--GENERAL INFORMATION
fixed length control field 210806b ||||| |||| 00| 0 eng d
020 ## - INTERNATIONAL STANDARD BOOK NUMBER
ISBN 9789325960442
082 ## - DEWEY DECIMAL CLASSIFICATION NUMBER
Classification number 691
Item number BHA/BU
100 ## - MAIN ENTRY--AUTHOR NAME
Personal name Bhavikatti S S
245 ## - TITLE STATEMENT
Title Building materials
260 ## - PUBLICATION, DISTRIBUTION, ETC. (IMPRINT)
Place of publication Noida
Name of publisher Vikas Publishing House Pvt. Ltd
Year of publication 2019
942 ## - ADDED ENTRY ELEMENTS (KOHA)
Koha item type Books
Holdings
Withdrawn status Lost status Damaged status Home library Current library Shelving location Date acquired Source of acquisition Cost, normal purchase price Full call number Accession Number Koha item type
      KAUAET KAUAET Scheme 31/03/2021 M/S TBS Books Calicut 325.00 691 BHA/BU BB 618 Book Bank scheme for SC students
      KAUAET KAUAET Scheme 31/03/2021 M/S TBS Books Calicut 325.00 691 BHA/BU BB 619 Book Bank scheme for SC students
free website counter